|
|
|
|
| LEADER |
01035nam a2200265 a 4500 |
| 001 |
1325984 |
| 008 |
091019s1977 sz b i000 0 eng d |
| 010 |
|
|
|a 78316464
|
| 020 |
|
|
|a 9221018016
|
| 040 |
|
|
|a DLC
|c DLC
|d DLC
|
| 082 |
0 |
0 |
|a 309.2/09172/4
|
| 245 |
0 |
4 |
|a The Basic-needs approach to development :
|b some issues regarding concepts and methodology /
|c D. P. Ghai ... [et al.].
|
| 260 |
|
|
|a Geneva :
|b International Labour Office,
|c 1977.
|
| 300 |
|
|
|a v, 113 p. ;
|c 24 cm.
|
| 500 |
|
|
|a Errata slip inserted.
|
| 504 |
|
|
|a Includes bibliographical references.
|
| 541 |
1 |
|
|e 00000077
|
| 650 |
|
0 |
|a Economic development.
|
| 650 |
|
0 |
|a Basic needs
|z Developing countries.
|
| 651 |
|
0 |
|a Developing countries
|x Economic policy.
|
| 700 |
1 |
|
|a Ghai, Dharam P.
|
| 710 |
2 |
|
|a International Labour Office.
|
| 852 |
4 |
|
|a Ayesha Abed Library
|j General shelf
|
| 999 |
|
|
|c 4712
|d 4712
|
| 952 |
|
|
|0 0
|1 0
|2 ddc
|4 0
|6 309_209172400000000_BAS_1977
|7 0
|9 4505
|a BRACUL
|b BRACUL
|c GEN
|d 2009-10-19
|g 135.00
|l 0
|o 309.2091724 BAS
|p 3010000077
|r 2016-08-30
|t 1
|w 2009-10-19
|y BK
|